CS:GO HLTV Beste Spieler 2018 - Statistiken

Allgemein
  • Dieses Quiz wurde 10 mal gespielt
  • Das Durchschnittsergebnis liegt bei 8 aus 10
Antwortstatistiken
Damaliges Team Spieler % Korrekt
FaZe NiKo
100%
Natus Vincere s1mple
100%
MIBR / SK coldzera
88%
Astralis device
88%
Astralis dupreeh
88%
Natus Vincere electroNic
88%
Astralis gla1ve
75%
fnatic KRIMZ
75%
Astralis / OpTic Magisk
50%
Liquid / Renegades NAF
38%
Keine übereinstimmenden Quizze gefunden
Verteilung der Resultate
Anzahl Personen mit jedem Resultat
Perzentil nach korrekt beantworteten Fragen
Ihre Resultats-Entwicklung
Sie haben dieses Quiz noch nicht gespielt